| 000 | 00609nam a2200193 a 4500 | ||
|---|---|---|---|
| 005 | 20240314063638.0 | ||
| 008 | 081210s2006 ea r 000 0 spa d | ||
| 020 | _a043987193X | ||
| 035 | _aUPN01000168455 | ||
| 049 | _aI | ||
| 050 | 4 |
_aPZ10.3 _bY6.3 |
|
| 100 | 1 |
_aYolen, Jane, _d1939- _938359 |
|
| 245 | 1 | 1 |
_a¿Cómo juegan los dinosaurios con sus amigos? / _cJane Yolen y Mark Teague. |
| 260 |
_a[New York] : _bScholastic, _c2006. |
||
| 300 |
_a[12] p : _bprincipalmente il. |
||
| 650 | 4 |
_aCuentos infantiles estadounidenses _910762 |
|
| 700 | 1 |
_aTeague, Mark, _d1963- _ecoaut. _937256 |
|
| 905 | _aInfantil | ||
| 999 |
_c140562 _d140562 |
||